| 000 | 00603nam a2200193 u 4500 | ||
|---|---|---|---|
| 005 | 20240925063815.0 | ||
| 008 | 100827s2008 mx r 000 0 spa d | ||
| 020 | _a9786074670028 | ||
| 035 | _aUPN01000177540 | ||
| 049 | _aCG | ||
| 050 | 4 |
_aQA11 _bS2.4a |
|
| 100 | 1 |
_aSadovsky, Patricia, _d1953- _935179 |
|
| 245 | 1 | 0 |
_aEnseñar matemática hoy : _bmiradas, sentidos y desafíos / _cPatricia Sadovsky. |
| 260 |
_aMéxico : _bSEP, _c2008. |
||
| 300 | _a122 p. | ||
| 440 | 0 |
_aReforma integral de la educación básica. _pPrimaria |
|
| 650 | 4 |
_aMatemáticas _xEstudio y enseñanza _93601 |
|
| 905 | _aLibro | ||
| 999 |
_c149643 _d149643 |
||